Vida de Rimbaud / (Registro nro. 179632)

Detalles MARC
000 -LEADER
campo de control de longitud fija 00696nam a2200229 i 4500
001 - NÚMERO DE CONTROL
campo de control 179632
003 - IDENTIFICADOR DE NÚMERO DE CONTROL
campo de control ES-MaACL
005 - FECHA Y HORA DE LA ÚLTIMA TRANSACCIÓN
campo de control 20250825062725.0
007 - CAMPO FIJO DE DESCRIPCIÓN FÍSICA--INFORMACIÓN GENERAL
campo de control de longitud fija t|
008 - DATOS DE LONGITUD FIJA--INFORMACIÓN GENERAL
campo de control de longitud fija 111227s1991 ag b ||||1| spa d
020 ## - NÚMERO INTERNACIONAL ESTÁNDAR DEL LIBRO
Número Internacional Estándar del Libro 950-9546-08-9
080 ## - NÚMERO DE LA CLASIFICACIÓN DECIMAL UNIVERSAL
Número de la Clasificación Decimal Universal 929 Rimbaud, Arthur
100 1# - ENTRADA PRINCIPAL--NOMBRE DE PERSONA
Nombre de persona Carré, Jean-Marie.
9 (RLIN) 35596
245 10 - MENCIÓN DEL TÍTULO
Título Vida de Rimbaud /
Mención de responsabilidad, etc. Jean-Marie Carré.
260 ## - PUBLICACIÓN, DISTRIBUCIÓN, ETC.
Lugar de publicación, distribución, etc. Buenos Aires :
Nombre del editor, distribuidor, etc. Leviatán,
Fecha de publicación, distribución, etc. 1991.
300 ## - DESCRIPCIÓN FÍSICA
Extensión 191 p. ;
Dimensiones 20 cm.
600 14 - PUNTO DE ACCESO ADICIONAL DE MATERIA--NOMBRE DE PERSONA
Nombre de persona Rimbaud, Arthur,
Fechas asociadas al nombre 1854-1891-
Subdivisión general Biografías
9 (RLIN) 97238
655 #0 - TERMINO DE INDIZACIÓN--GENERO/FORMA
Datos o término principal de género/forma Biografías
9 (RLIN) 176647
852 ## - LOCALIZACIÓN
Ubicación ES-MaACL
Número de control de estantería A-11775
itemnumber 186529
Sublocalización o colección R.146700
Ubicación en estantería Depósito 1
Signatura antigua Olim: N-4780
942 ## - ELEMENTOS DE ENTRADA SECUNDARIOS (KOHA)
Fuente del sistema de clasificación o colocación Clasificación decimal universal
Tipo de ítem Koha Libro impreso
Existencias
Estatus retirado Estado de pérdida Fuente del sistema de clasificación o colocación Estado de daño No para préstamo Biblioteca de origen Biblioteca actual Ubicación en estantería Fecha de adquisición Fuente de adquisición Total de préstamos Signatura topográfica completa Código de barras Visto por última vez Precio de reemplazo Tipo de ítem Koha
    Clasificación decimal universal     Biblioteca del Ateneo de Madrid Biblioteca del Ateneo de Madrid Depósito 1 27/12/2011 Compra   A-11775 1188707 23/02/2023 23/02/2023 Libro impreso